[Event "DEM U12w 2025"]
[Site "Willingen GER"]
[Date "2025.06.10"]
[Round "4"]
[White "Shynkar, Daria"]
[Black "Schirmbeck, Lilian"]
[Result "1/2-1/2"]
[Termination "normal"]
[Board "1"]
[BlackTitle "WCM"]
[WhiteElo "1733"]
[BlackElo "1712"]
[WhiteClock "00:31:38"]
[BlackClock "00:11:12"]
[PlyCount "67"]
[WhiteFideId "34163212"]
[BlackFideId "34620532"]
[EventCountry "GER"]
[EventRounds "9"]
[EventType "swiss"]
[EventDate "2025.06.07"]

1. d4 {[%clk 01:30:58]} {[%emt 00:00:02]} Nf6 {[%clk 01:30:56]} {[%emt
00:00:04]} 2. c4 {[%clk 01:31:24]} {[%emt 00:00:04]} e6 {[%clk 01:31:22]}
{[%emt 00:00:04]} 3. Nc3 {[%clk 01:31:51]} {[%emt 00:00:03]} Bb4 {[%clk
01:31:47]} {[%emt 00:00:06]} 4. e3 {[%clk 01:32:17]} {[%emt 00:00:04]} O-O
{[%clk 01:32:03]} {[%emt 00:00:14]} 5. Bd3 {[%clk 01:32:35]} {[%emt 00:00:12]}
c5 {[%clk 01:32:19]} {[%emt 00:00:14]} 6. Nge2 {[%clk 01:31:36]} {[%emt
00:01:29]} Nc6 {[%clk 01:30:18]} {[%emt 00:02:30]} 7. a3 {[%clk 01:28:41]}
{[%emt 00:03:26]} Bxc3+ {[%clk 01:30:19]} {[%emt 00:00:29]} 8. bxc3 {[%clk
01:27:22]} {[%emt 00:01:48]} d6 {[%clk 01:29:48]} {[%emt 00:01:01]} 9. O-O
{[%clk 01:26:30]} {[%emt 00:01:23]} b6 {[%clk 01:22:43]} {[%emt 00:07:35]} 10.
e4 {[%clk 01:24:26]} {[%emt 00:02:33]} e5 {[%clk 01:21:48]} {[%emt 00:01:25]}
11. d5 {[%clk 01:23:57]} {[%emt 00:00:59]} Na5 {[%clk 01:21:25]} {[%emt
00:00:52]} 12. Ng3 {[%clk 01:20:16]} {[%emt 00:04:12]} Ba6 {[%clk 01:11:20]}
{[%emt 00:10:36]} 13. Qe2 {[%clk 01:19:34]} {[%emt 00:01:09]} Qd7 {[%clk
00:59:18]} {[%emt 00:12:33]} 14. Bg5 {[%clk 01:16:02]} {[%emt 00:04:03]} Ne8
{[%clk 00:56:09]} {[%emt 00:03:39]} 15. Nf5 {[%clk 01:08:37]} {[%emt 00:07:55]}
f6 {[%clk 00:55:30]} {[%emt 00:01:09]} 16. Bd2 {[%clk 01:08:47]} {[%emt
00:00:19]} Nb3 {[%clk 00:41:05]} {[%emt 00:14:55]} 17. Ra2 {[%clk 01:05:37]}
{[%emt 00:03:39]} Nxd2 {[%clk 00:40:39]} {[%emt 00:00:57]} 18. Qxd2 {[%clk
01:04:50]} {[%emt 00:01:18]} g6 {[%clk 00:36:10]} {[%emt 00:05:00]} 19. Ng3
{[%clk 01:03:12]} {[%emt 00:02:07]} Ng7 {[%clk 00:35:41]} {[%emt 00:00:59]} 20.
f4 {[%clk 01:00:52]} {[%emt 00:02:49]} Qe7 {[%clk 00:34:11]} {[%emt 00:02:00]}
21. Qc1 {[%clk 00:58:03]} {[%emt 00:03:20]} g5 {[%clk 00:29:32]} {[%emt
00:05:09]} 22. fxe5 {[%clk 00:53:25]} {[%emt 00:05:08]} fxe5 {[%clk 00:29:42]}
{[%emt 00:00:20]} 23. Nf5 {[%clk 00:51:37]} {[%emt 00:02:17]} Nxf5 {[%clk
00:28:31]} {[%emt 00:01:42]} 24. exf5 {[%clk 00:49:38]} {[%emt 00:02:29]} Qf6
{[%clk 00:28:34]} {[%emt 00:00:26]} 25. Qe3 {[%clk 00:47:55]} {[%emt 00:02:13]}
Rae8 {[%clk 00:27:49]} {[%emt 00:01:17]} 26. Qe4 {[%clk 00:47:43]} {[%emt
00:00:41]} Re7 {[%clk 00:25:19]} {[%emt 00:02:57]} 27. Rf3 {[%clk 00:43:11]}
{[%emt 00:05:05]} Bc8 {[%clk 00:23:47]} {[%emt 00:02:03]} 28. Raf2 {[%clk
00:42:01]} {[%emt 00:01:38]} Ref7 {[%clk 00:23:06]} {[%emt 00:01:12]} 29. Qg4
{[%clk 00:39:48]} {[%emt 00:02:42]} Kh8 {[%clk 00:20:23]} {[%emt 00:03:14]} 30.
Rh3 {[%clk 00:38:03]} {[%emt 00:02:14]} Bd7 {[%clk 00:17:35]} {[%emt 00:03:20]}
31. Rh5 {[%clk 00:35:30]} {[%emt 00:03:01]} Rg7 {[%clk 00:17:46]} {[%emt
00:00:20]} 32. Rh3 {[%clk 00:33:35]} {[%emt 00:02:25]} Be8 {[%clk 00:12:15]}
{[%emt 00:06:00]} 33. Be2 {[%clk 00:31:47]} {[%emt 00:02:18]} Kg8 {[%clk
00:11:12]} {[%emt 00:01:34]} 34. Qe4 {[%clk 00:31:38]} {[%emt 00:00:38]}
1/2-1/2

[Event "DEM U12w 2025"]
[Site "Willingen GER"]
[Date "2025.06.10"]
[Round "4"]
[White "Tischlinger, Lara"]
[Black "Chen, Yuefan"]
[Result "0-1"]
[Termination "normal"]
[Board "2"]
[WhiteElo "1592"]
[BlackElo "1754"]
[WhiteClock "00:35:00"]
[BlackClock "00:29:34"]
[PlyCount "176"]
[WhiteFideId "34663401"]
[BlackFideId "34653910"]
[EventCountry "GER"]
[EventRounds "9"]
[EventType "swiss"]
[EventDate "2025.06.07"]

1. e4 {[%clk 01:30:57]} {[%emt 00:00:02]} c5 {[%clk 01:30:53]} {[%emt
00:00:07]} 2. c3 {[%clk 01:31:23]} {[%emt 00:00:05]} Nf6 {[%clk 01:31:10]}
{[%emt 00:00:12]} 3. e5 {[%clk 01:31:47]} {[%emt 00:00:07]} Nd5 {[%clk
01:31:35]} {[%emt 00:00:05]} 4. Bc4 {[%clk 01:32:05]} {[%emt 00:00:12]} Nb6
{[%clk 01:31:54]} {[%emt 00:00:11]} 5. Bb3 {[%clk 01:32:26]} {[%emt 00:00:08]}
c4 {[%clk 01:32:08]} {[%emt 00:00:17]} 6. Bc2 {[%clk 01:32:50]} {[%emt
00:00:06]} Nc6 {[%clk 01:32:25]} {[%emt 00:00:13]} 7. Nf3 {[%clk 01:33:00]}
{[%emt 00:00:19]} d6 {[%clk 01:31:36]} {[%emt 00:01:19]} 8. exd6 {[%clk
01:33:11]} {[%emt 00:00:20]} Qxd6 {[%clk 01:31:34]} {[%emt 00:00:33]} 9. O-O
{[%clk 01:32:47]} {[%emt 00:00:53]} Bg4 {[%clk 01:31:40]} {[%emt 00:00:24]} 10.
Qe2 {[%clk 01:32:38]} {[%emt 00:00:39]} e6 {[%clk 01:30:35]} {[%emt 00:01:35]}
11. Re1 {[%clk 01:30:18]} {[%emt 00:02:49]} O-O-O {[%clk 01:28:13]} {[%emt
00:02:53]} 12. b3 {[%clk 01:27:22]} {[%emt 00:03:26]} Qf4 {[%clk 01:18:25]}
{[%emt 00:10:17]} 13. Qe4 {[%clk 01:08:30]} {[%emt 00:19:23]} Bd6 {[%clk
01:02:27]} {[%emt 00:16:27]} 14. d4 {[%clk 01:02:58]} {[%emt 00:06:03]} Bxf3
{[%clk 00:58:47]} {[%emt 00:04:10]} 15. Qxf4 {[%clk 01:01:27]} {[%emt
00:02:01]} Bxf4 {[%clk 00:58:58]} {[%emt 00:00:19]} 16. Bxf4 {[%clk 01:01:41]}
{[%emt 00:00:16]} Bd5 {[%clk 00:59:13]} {[%emt 00:00:15]} 17. Na3 {[%clk
00:57:35]} {[%emt 00:04:36]} a6 {[%clk 00:55:42]} {[%emt 00:04:01]} 18. Rad1
{[%clk 00:48:37]} {[%emt 00:09:27]} h6 {[%clk 00:54:38]} {[%emt 00:01:34]} 19.
Rb1 {[%clk 00:38:13]} {[%emt 00:10:55]} g5 {[%clk 00:53:04]} {[%emt 00:02:04]}
20. Bd2 {[%clk 00:35:39]} {[%emt 00:03:03]} Rhe8 {[%clk 00:49:26]} {[%emt
00:04:07]} 21. bxc4 {[%clk 00:24:28]} {[%emt 00:11:43]} Nxc4 {[%clk 00:49:38]}
{[%emt 00:00:17]} 22. Nxc4 {[%clk 00:24:42]} {[%emt 00:00:17]} Bxc4 {[%clk
00:50:03]} {[%emt 00:00:05]} 23. f4 {[%clk 00:20:02]} {[%emt 00:05:10]} Bxa2
{[%clk 00:40:49]} {[%emt 00:09:44]} 24. Rb2 {[%clk 00:19:43]} {[%emt 00:00:48]}
Bd5 {[%clk 00:40:17]} {[%emt 00:01:02]} 25. Reb1 {[%clk 00:19:18]} {[%emt
00:00:56]} Na5 {[%clk 00:36:33]} {[%emt 00:04:13]} 26. Bd3 {[%clk 00:17:36]}
{[%emt 00:02:12]} f6 {[%clk 00:31:41]} {[%emt 00:05:22]} 27. c4 {[%clk
00:13:28]} {[%emt 00:04:39]} Nxc4 {[%clk 00:24:47]} {[%emt 00:07:24]} 28. Bxc4
{[%clk 00:13:16]} {[%emt 00:00:42]} Bxc4 {[%clk 00:25:10]} {[%emt 00:00:08]}
29. Rxb7 {[%clk 00:13:18]} {[%emt 00:00:27]} Bb5 {[%clk 00:23:12]} {[%emt
00:02:28]} 30. Rb6 {[%clk 00:09:41]} {[%emt 00:04:07]} Rxd4 {[%clk 00:14:38]}
{[%emt 00:09:03]} 31. Rc1+ {[%clk 00:09:13]} {[%emt 00:00:58]} Kd7 {[%clk
00:13:46]} {[%emt 00:01:23]} 32. Rb7+ {[%clk 00:09:06]} {[%emt 00:00:37]} Kd6
{[%clk 00:13:06]} {[%emt 00:01:10]} 33. Ba5 {[%clk 00:06:37]} {[%emt 00:02:59]}
gxf4 {[%clk 00:09:40]} {[%emt 00:03:56]} 34. Bc7+ {[%clk 00:04:18]} {[%emt
00:02:49]} Kd5 {[%clk 00:09:34]} {[%emt 00:00:36]} 35. Bb6 {[%clk 00:01:13]}
{[%emt 00:03:35]} Rc4 {[%clk 00:07:31]} {[%emt 00:02:32]} 36. Rxc4 {[%clk
00:00:35]} {[%emt 00:01:08]} Bxc4 {[%clk 00:07:05]} {[%emt 00:00:57]} 37. Bf2
{[%clk 00:00:33]} {[%emt 00:00:32]} Rc8 {[%clk 00:05:20]} {[%emt 00:02:15]} 38.
Rb1 {[%clk 00:00:42]} {[%emt 00:00:21]} Bb5 {[%clk 00:04:56]} {[%emt 00:00:53]}
39. Rd1+ {[%clk 00:00:55]} {[%emt 00:00:16]} Kc6 {[%clk 00:03:24]} {[%emt
00:02:03]} 40. Re1 {[%clk 00:00:55]} {[%emt 00:00:30]} e5 {[%clk 00:02:55]}
{[%emt 00:01:00]} 41. Bh4 {[%clk 00:01:09]} {[%emt 00:00:15]} Rf8 {[%clk
00:02:52]} {[%emt 00:00:33]} 42. Rc1+ {[%clk 00:01:18]} {[%emt 00:00:21]} Kd7
{[%clk 00:02:48]} {[%emt 00:00:35]} 43. Kf2 {[%clk 00:29:45]} {[%emt 00:02:02]}
Ke6 {[%clk 00:30:41]} {[%emt 00:02:38]} 44. Rc2 {[%clk 00:28:29]} {[%emt
00:01:45]} Rg8 {[%clk 00:30:53]} {[%emt 00:00:19]} 45. Kf3 {[%clk 00:27:46]}
{[%emt 00:01:13]} f5 {[%clk 00:25:44]} {[%emt 00:05:39]} 46. Rc7 {[%clk
00:25:31]} {[%emt 00:02:44]} Kd6 {[%clk 00:25:37]} {[%emt 00:00:36]} 47. Rh7
{[%clk 00:24:00]} {[%emt 00:02:02]} Bc6+ {[%clk 00:25:43]} {[%emt 00:00:24]}
48. Ke2 {[%clk 00:24:25]} {[%emt 00:00:05]} Rxg2+ {[%clk 00:26:04]} {[%emt
00:00:09]} 49. Ke1 {[%clk 00:24:42]} {[%emt 00:00:13]} Rg6 {[%clk 00:25:39]}
{[%emt 00:00:54]} 50. Be7+ {[%clk 00:24:54]} {[%emt 00:00:19]} Ke6 {[%clk
00:25:42]} {[%emt 00:00:28]} 51. Bb4 {[%clk 00:25:03]} {[%emt 00:00:21]} Rg1+
{[%clk 00:24:39]} {[%emt 00:01:32]} 52. Kd2 {[%clk 00:25:18]} {[%emt 00:00:15]}
Rg2+ {[%clk 00:24:43]} {[%emt 00:00:27]} 53. Kc3 {[%clk 00:25:32]} {[%emt
00:00:16]} Rxh2 {[%clk 00:23:55]} {[%emt 00:01:17]} 54. Kc4 {[%clk 00:25:37]}
{[%emt 00:00:25]} Rc2+ {[%clk 00:23:15]} {[%emt 00:01:11]} 55. Kb3 {[%clk
00:25:40]} {[%emt 00:00:26]} Rh2 {[%clk 00:22:42]} {[%emt 00:01:03]} 56. Re7+
{[%clk 00:25:46]} {[%emt 00:00:25]} Kf6 {[%clk 00:21:19]} {[%emt 00:01:53]} 57.
Rc7 {[%clk 00:26:02]} {[%emt 00:00:13]} Bd5+ {[%clk 00:20:52]} {[%emt
00:00:57]} 58. Kc3 {[%clk 00:25:44]} {[%emt 00:00:48]} f3 {[%clk 00:20:51]}
{[%emt 00:00:32]} 59. Ra7 {[%clk 00:25:55]} {[%emt 00:00:19]} f2 {[%clk
00:19:44]} {[%emt 00:01:37]} 60. Rxa6+ {[%clk 00:26:15]} {[%emt 00:00:10]} Kg5
{[%clk 00:20:00]} {[%emt 00:00:14]} 61. Be7+ {[%clk 00:25:37]} {[%emt
00:01:07]} Kf4 {[%clk 00:20:16]} {[%emt 00:00:13]} 62. Ra1 {[%clk 00:25:48]}
{[%emt 00:00:20]} Rh1 {[%clk 00:20:39]} {[%emt 00:00:06]} 63. Bc5 {[%clk
00:25:59]} {[%emt 00:00:21]} Rxa1 {[%clk 00:20:43]} {[%emt 00:00:25]} 64. Bxf2
{[%clk 00:26:24]} {[%emt 00:00:05]} e4 {[%clk 00:21:06]} {[%emt 00:00:07]} 65.
Kd4 {[%clk 00:26:40]} {[%emt 00:00:13]} Ba8 {[%clk 00:21:18]} {[%emt 00:00:20]}
66. Be3 {[%clk 00:26:55]} {[%emt 00:00:14]} Kf3 {[%clk 00:21:44]} {[%emt
00:00:05]} 67. Bxh6 {[%clk 00:27:17]} {[%emt 00:00:08]} e3 {[%clk 00:22:05]}
{[%emt 00:00:09]} 68. Bxe3 {[%clk 00:27:39]} {[%emt 00:00:08]} Ra4+ {[%clk
00:22:31]} {[%emt 00:00:05]} 69. Ke5 {[%clk 00:27:56]} {[%emt 00:00:12]} Kxe3
{[%clk 00:22:46]} {[%emt 00:00:15]} 70. Kxf5 {[%clk 00:28:22]} {[%emt
00:00:04]} Bb7 {[%clk 00:22:57]} {[%emt 00:00:19]} 71. Kg5 {[%clk 00:28:41]}
{[%emt 00:00:10]} Kf3 {[%clk 00:23:23]} {[%emt 00:00:04]} 72. Kh5 {[%clk
00:29:05]} {[%emt 00:00:07]} Kg3 {[%clk 00:23:49]} {[%emt 00:00:04]} 73. Kg5
{[%clk 00:29:28]} {[%emt 00:00:07]} Ra5+ {[%clk 00:24:16]} {[%emt 00:00:03]}
74. Kf6 {[%clk 00:29:49]} {[%emt 00:00:08]} Bc8 {[%clk 00:24:39]} {[%emt
00:00:07]} 75. Kg6 {[%clk 00:30:12]} {[%emt 00:00:08]} Kf4 {[%clk 00:25:03]}
{[%emt 00:00:06]} 76. Kh6 {[%clk 00:30:35]} {[%emt 00:00:07]} Kg4 {[%clk
00:25:28]} {[%emt 00:00:03]} 77. Kg6 {[%clk 00:31:01]} {[%emt 00:00:05]} Ra6+
{[%clk 00:25:55]} {[%emt 00:00:04]} 78. Kf7 {[%clk 00:31:20]} {[%emt 00:00:10]}
Kf5 {[%clk 00:26:15]} {[%emt 00:00:10]} 79. Kg7 {[%clk 00:31:44]} {[%emt
00:00:07]} Ra7+ {[%clk 00:26:19]} {[%emt 00:00:26]} 80. Kf8 {[%clk 00:31:56]}
{[%emt 00:00:17]} Kf6 {[%clk 00:26:39]} {[%emt 00:00:11]} 81. Ke8 {[%clk
00:32:15]} {[%emt 00:00:09]} Bh3 {[%clk 00:27:00]} {[%emt 00:00:10]} 82. Kd8
{[%clk 00:32:41]} {[%emt 00:00:05]} Ke6 {[%clk 00:27:12]} {[%emt 00:00:18]} 83.
Kc8 {[%clk 00:33:03]} {[%emt 00:00:08]} Kd6+ {[%clk 00:27:37]} {[%emt
00:00:04]} 84. Kb8 {[%clk 00:33:25]} {[%emt 00:00:08]} Rh7 {[%clk 00:28:03]}
{[%emt 00:00:04]} 85. Ka8 {[%clk 00:33:50]} {[%emt 00:00:05]} Bg2+ {[%clk
00:28:20]} {[%emt 00:00:13]} 86. Kb8 {[%clk 00:34:14]} {[%emt 00:00:06]} Kc6
{[%clk 00:28:41]} {[%emt 00:00:09]} 87. Ka8 {[%clk 00:34:37]} {[%emt 00:00:07]}
Kb6+ {[%clk 00:29:07]} {[%emt 00:00:04]} 88. Kb8 {[%clk 00:35:00]} {[%emt
00:00:08]} Rh8# {[%clk 00:29:34]} {[%emt 00:00:02]} 0-1

[Event "DEM U12w 2025"]
[Site "Willingen GER"]
[Date "2025.06.10"]
[Round "4"]
[White "Bohatyrova, Mariia"]
[Black "Tu, Tiffany"]
[Result "1-0"]
[Termination "normal"]
[Board "3"]
[WhiteElo "1721"]
[BlackElo "1709"]
[WhiteClock "00:04:21"]
[BlackClock "00:16:43"]
[PlyCount "87"]
[WhiteFideId "34165789"]
[BlackFideId "34628576"]
[EventCountry "GER"]
[EventRounds "9"]
[EventType "swiss"]
[EventDate "2025.06.07"]

1. e4 {[%clk 01:30:57]} {[%emt 00:00:02]} e5 {[%clk 01:30:55]} {[%emt
00:00:06]} 2. Nf3 {[%clk 01:31:23]} {[%emt 00:00:03]} Nc6 {[%clk 01:31:21]}
{[%emt 00:00:05]} 3. Bb5 {[%clk 01:31:49]} {[%emt 00:00:04]} a6 {[%clk
01:31:43]} {[%emt 00:00:07]} 4. Bxc6 {[%clk 01:32:15]} {[%emt 00:00:05]} dxc6
{[%clk 01:32:07]} {[%emt 00:00:06]} 5. Nc3 {[%clk 01:32:39]} {[%emt 00:00:05]}
Bd6 {[%clk 01:31:49]} {[%emt 00:00:48]} 6. d4 {[%clk 01:33:00]} {[%emt
00:00:09]} Bg4 {[%clk 01:25:59]} {[%emt 00:06:20]} 7. dxe5 {[%clk 01:28:39]}
{[%emt 00:04:52]} Bxf3 {[%clk 01:25:52]} {[%emt 00:00:37]} 8. Qxf3 {[%clk
01:28:55]} {[%emt 00:00:13]} Bxe5 {[%clk 01:25:57]} {[%emt 00:00:25]} 9. Bf4
{[%clk 01:14:16]} {[%emt 00:15:08]} Qf6 {[%clk 01:10:13]} {[%emt 00:16:14]} 10.
Bxe5 {[%clk 01:12:51]} {[%emt 00:01:56]} Qxe5 {[%clk 01:10:37]} {[%emt
00:00:07]} 11. O-O-O {[%clk 01:05:46]} {[%emt 00:07:33]} Nf6 {[%clk 01:08:12]}
{[%emt 00:02:56]} 12. Qg3 {[%clk 01:01:02]} {[%emt 00:05:06]} Qxg3 {[%clk
01:06:12]} {[%emt 00:02:38]} 13. hxg3 {[%clk 01:01:11]} {[%emt 00:00:21]} Ng4
{[%clk 01:01:12]} {[%emt 00:05:29]} 14. Rd2 {[%clk 00:56:37]} {[%emt 00:05:04]}
Ke7 {[%clk 00:56:40]} {[%emt 00:05:03]} 15. f3 {[%clk 00:52:21]} {[%emt
00:04:45]} Nh6 {[%clk 00:46:15]} {[%emt 00:10:55]} 16. Rhd1 {[%clk 00:35:20]}
{[%emt 00:17:32]} Rad8 {[%clk 00:46:10]} {[%emt 00:00:35]} 17. Rxd8 {[%clk
00:28:58]} {[%emt 00:06:52]} Rxd8 {[%clk 00:46:34]} {[%emt 00:00:06]} 18. Rxd8
{[%clk 00:29:24]} {[%emt 00:00:04]} Kxd8 {[%clk 00:47:00]} {[%emt 00:00:04]}
19. Kd2 {[%clk 00:29:49]} {[%emt 00:00:05]} f6 {[%clk 00:42:26]} {[%emt
00:05:04]} 20. Na4 {[%clk 00:23:28]} {[%emt 00:06:51]} b6 {[%clk 00:40:27]}
{[%emt 00:02:30]} 21. Nc3 {[%clk 00:22:13]} {[%emt 00:01:45]} Nf7 {[%clk
00:40:18]} {[%emt 00:00:37]} 22. Ke3 {[%clk 00:14:58]} {[%emt 00:07:45]} Nd6
{[%clk 00:36:19]} {[%emt 00:04:29]} 23. b3 {[%clk 00:09:49]} {[%emt 00:05:39]}
Nb5 {[%clk 00:33:45]} {[%emt 00:03:04]} 24. Ne2 {[%clk 00:08:33]} {[%emt
00:01:45]} Ke7 {[%clk 00:32:41]} {[%emt 00:01:36]} 25. Nf4 {[%clk 00:07:16]}
{[%emt 00:01:46]} Nc3 {[%clk 00:29:06]} {[%emt 00:04:07]} 26. a3 {[%clk
00:06:35]} {[%emt 00:01:09]} a5 {[%clk 00:26:20]} {[%emt 00:03:17]} 27. a4
{[%clk 00:03:27]} {[%emt 00:03:37]} b5 {[%clk 00:20:57]} {[%emt 00:05:54]} 28.
Kd4 {[%clk 00:03:28]} {[%emt 00:00:28]} Na2 {[%clk 00:18:38]} {[%emt 00:02:48]}
29. Kc5 {[%clk 00:02:59]} {[%emt 00:01:00]} bxa4 {[%clk 00:18:11]} {[%emt
00:00:59]} 30. bxa4 {[%clk 00:03:27]} {[%emt 00:00:01]} Nb4 {[%clk 00:18:29]}
{[%emt 00:00:11]} 31. c3 {[%clk 00:03:06]} {[%emt 00:00:51]} Na2 {[%clk
00:18:32]} {[%emt 00:00:27]} 32. Ne2 {[%clk 00:03:23]} {[%emt 00:00:14]} Kd7
{[%clk 00:17:54]} {[%emt 00:01:09]} 33. Kc4 {[%clk 00:03:40]} {[%emt 00:00:11]}
Kd6 {[%clk 00:17:49]} {[%emt 00:00:35]} 34. Kb3 {[%clk 00:03:44]} {[%emt
00:00:26]} Nxc3 {[%clk 00:18:12]} {[%emt 00:00:09]} 35. Kxc3 {[%clk 00:04:05]}
{[%emt 00:00:08]} c5 {[%clk 00:17:54]} {[%emt 00:00:48]} 36. Kc4 {[%clk
00:04:22]} {[%emt 00:00:13]} c6 {[%clk 00:18:17]} {[%emt 00:00:07]} 37. Nf4
{[%clk 00:04:18]} {[%emt 00:00:33]} g5 {[%clk 00:17:33]} {[%emt 00:01:15]} 38.
Nh5 {[%clk 00:03:51]} {[%emt 00:00:55]} h6 {[%clk 00:16:56]} {[%emt 00:01:08]}
39. Nxf6 {[%clk 00:04:11]} {[%emt 00:00:10]} Ke6 {[%clk 00:16:44]} {[%emt
00:00:40]} 40. Ng4 {[%clk 00:04:07]} {[%emt 00:00:36]} h5 {[%clk 00:17:06]}
{[%emt 00:00:09]} 41. Nf2 {[%clk 00:03:55]} {[%emt 00:00:41]} Kd6 {[%clk
00:17:29]} {[%emt 00:00:08]} 42. Nd3 {[%clk 00:03:59]} {[%emt 00:00:25]} h4
{[%clk 00:16:19]} {[%emt 00:01:40]} 43. gxh4 {[%clk 00:04:04]} {[%emt
00:00:26]} gxh4 {[%clk 00:16:43]} {[%emt 00:00:06]} 44. f4 {[%clk 00:04:21]}
{[%emt 00:00:12]} 1-0